000 01192nam a22002657a 4500
005 20170124103024.0
010 _aA-988477
020 _c125.00
035 _aA-988477
037 _bCen Lib/Ret
040 _aDPL
_bHN
082 _a
_bरुसवा
100 _aरुसवा, मिर्ज़ा हादी
_961491
245 _aलखनऊ की नगर वधु /
_cमिर्ज़ा हादी रुसवा ; अनुवादक कृष्णदेव झारी
246 _aLucknow ki nagar vadhu /
_bby Mirza Hadi Rusva ; anuvadak Krishndev Jhari
260 _aनई दिल्ली
_bइतिहास शोध संस्थान
_c2000
270 _aभूल्भुलाय्या रोड, महरौली
_bनई दिल्ली
_e110030
300 _a188पृ.
_c16सेमी(सजिल्द)
650 _aहिंदी साहित्य
_961492
650 _aहिंदी उपन्यास
_961493
650 _aHindi literature
_961494
650 _aHindi fiction
_927248
700 _bझारी, कृष्णदेव
_961495
942 _2ddc
_cHN
_h
_mरुसवा
999 _c115452
_d115452